000 00270nam a2200121Ia 4500
008 190216s9999||||xx |||||||||||||| ||und||
100 _aDavid Horsburgh
245 0 _aHall Of Fame
260 _bOrient Longman
_c1972
300 _a148p
650 _aEnglish
942 _cBK
999 _c12508
_d12508